000 01116nam a22003377a 4500
003 DO-SdBPM
005 20250804113919.0
007 ta
008 160412b2011 dr| || 00| 0 spa d
020 _a9786074360271
040 _aDO-SdBPM
_bspa
_cBPMSU
_erda
_drda
082 4 _a372.7
_bG984m 2011
_222
092 _b
100 1 _aGutiérrez Corona, Jesús Enrique
245 1 0 _aMapas mentales de matemáticas /
_c Jesús Enrique Gutiérrez Corona; editorial Jesús Gutiérrez Roa
260 _a
_b
_c
264 _aMéxico :
_bLexus Editores,
_c2011
300 _a303 págianas :
_bilustraciones :
_c27 cm
336 _atexto
_btxt
_2rdacontent
337 _asin mediación
_bn
_2rdamedia
338 _avolumen
_bnc
_2rdacarrier
590 _aInventariado, 2025/VM
650 7 _aMatemáticas
_xEnseñanza básica
650 7 _aAlgebra
_xEnseñanza
650 _a Geometría - Enseñanza
_xEnseñanza
650 7 _aTrigonometría
_xEnseñanza
700 1 _aGutiérrez Roa, Jesús
_eeditorial
710 2 _aLexus Editores
910 _aVMateo V. Control de calidad BPMSU
942 _2ddc
_cBK
999 _c15305
_d15305